banner koha

Crescimento e anatomia foliar de plantas jovens de Mikania glomerata Sprengel (Guaco)submetidas a diferentes fotoperíodos (Registro n. 180158)

MARC details
000 -LÍDER
campo de controle de tamanho fixo 01051nas a2200337 4500
001 - NÚMERO DE CONTROLE
campo de controle BR0404856
003 - IDENTIFICADOR DO NÚMERO DE CONTROLE
campo de controle BR-BrBNA
005 - DATA E HORÁRIO DA ÚLTIMA TRANSAÇÃO
campo de controle 20231205104906.0
007 - CAMPO FIXO DE DESCRIÇÃO FÍSICA--INFORMAÇÃO GERAL
campo de controle de tamanho fixo ta
008 - CAMPO DE DADOS FIXOS--INFORMAÇÃO GERAL
campo de controle de tamanho fixo 230509b bl.|||p| |||| 00| 00por d
040 ## - FONTE DA CATALOGAÇÃO
Instituição da catalogação original BR-BrBNA
Idioma da catalogação por
Instituição que transcreveu o registro Biblioteca Nacional de Agricultura
041 ## - CÓDIGO DE IDIOMA
Código do idioma do texto/trilha sonora ou título diferente (Pt)
072 ## - CÓDIGO DE CATEGORIA DE ASSUNTO
Código de Categoria de Assunto F62; F50
100 1# - ENTRADA PRINCIPAL--NOME PESSOAL
Nome pessoal Castro, E.M. de
100 1# - ENTRADA PRINCIPAL--NOME PESSOAL
Nome pessoal Pinto, J.E.B.P.
100 1# - ENTRADA PRINCIPAL--NOME PESSOAL
Nome pessoal Alvarenga, A.A.
100 1# - ENTRADA PRINCIPAL--NOME PESSOAL
Nome pessoal Lima Júnior, É. de C.
100 1# - ENTRADA PRINCIPAL--NOME PESSOAL
Nome pessoal Bertolucci, S.K.V.
100 1# - ENTRADA PRINCIPAL--NOME PESSOAL
Nome pessoal Silva Filho, J.L. da
100 1# - ENTRADA PRINCIPAL--NOME PESSOAL
Nome pessoal Vieira, C.V.
245 1# - TÍTULO
Título Crescimento e anatomia foliar de plantas jovens de Mikania glomerata Sprengel (Guaco)submetidas a diferentes fotoperíodos
650 ## - ASSUNTO--TERMO TÓPICO
Cabeçalho tópico ou nome geográfico GUACO
650 ## - ASSUNTO--TERMO TÓPICO
Cabeçalho tópico ou nome geográfico PLANTA MEDICINAL
650 ## - ASSUNTO--TERMO TÓPICO
Cabeçalho tópico ou nome geográfico ANATOMIA VEGETAL
650 ## - ASSUNTO--TERMO TÓPICO
Cabeçalho tópico ou nome geográfico ÁREA FOLIAR
650 ## - ASSUNTO--TERMO TÓPICO
Cabeçalho tópico ou nome geográfico FOTOPERIODISMO
650 ## - ASSUNTO--TERMO TÓPICO
Cabeçalho tópico ou nome geográfico CRESCIMENTO
773 0# - ENTRADA ANALÍTICA
Título Ciência e Agrotecnologia (Brazil)
ISSN - International Standard Serial Number ISSN 1413-7054
Partes relacionadas (Nov-Dec 2003), v. 27(6) p. 1293-1300
Número de controle do registro BR0404856
909 ## -
-- 202311
-- Lúcia
-- 55
-- Lúcia Elande
942 ## - ELEMENTOS DE ENTRADA ADICIONADOS (KOHA)
Fonte da classificação ou esquema de arquivamento na estante Classificação AGRIS
Ocultar no OPAC Não
Tipo de material Koha Analítica
Exemplares
Situação do descarte Fonte da classificação ou esquema de arquivamento na estante Situação física Não pode ser emprestado Biblioteca de origem Biblioteca atual Localização na estante Enumeração do periódico / cronologia Total de empréstimos Data de último acesso Número do exemplar Tipo de material Koha Fonte de aquisição
  Classificação AGRIS   Consulta local Biblioteca Nacional de Agricultura - Binagri Biblioteca Nacional de Agricultura - Binagri   (Nov-Dec 2003), v. 27(6) p. 1293-1300   29/11/2023 01 Periódicos Portaria Interministerial nº 164/94

BINAGRI

Telefone: (61)3218-2567/2388/3357/2097 - binagri@agro.gov.br

Ministério da Agricultura e Pecuária , Esplanada dos Ministérios, Bloco D, Anexo B, Brasília/DF, CEP: 70.043-900